|
|
|
|
| LEADER |
00000nnm a2200000 i 4500 |
| 001 |
dolg17551 |
| 005 |
20180925164000.0 |
| 008 |
180522suuuu hu o 000 hun d |
| 040 |
|
|
|a BGE Dolgozattár Repozitórium
|b hun
|
| 041 |
|
|
|a hu
|
| 100 |
1 |
|
|a Horvàth Viktória Mária
|
| 245 |
1 |
3 |
|a AZ UTAZÁSI IRODÁK ÜGYFÉLKAPCSOLATI MÓDSZEREINEK ÁTALAKULÁSA A 21. SZÁZADBAN, ÉS ENNEK PIACFORMÁLÓ HATÁSAI
|c Horvàth Viktória Mária
|h [elektronikus dokumentum]
|
| 516 |
|
|
|a Project_work
|
| 695 |
|
|
|a Utazási iroda
|
| 695 |
|
|
|a Utazásközvetítés
|
| 700 |
1 |
|
|a Formádi Dr Katalin Klaudia
|e ths
|
| 856 |
4 |
0 |
|u http://dolgozattar.uni-bge.hu/17551/1/AP76SP%20Horv%C3%A1th%20Vikt%C3%B3ria%20M%C3%A1ria%20Projektmunka.pdf
|z Dokumentum-elérés
|